000 01931nam0a2200361 i 4500
001 RU\NLR\BIBL_A\010555656
005 20260407073940.0
010 _a9785720512453
021 _aRU
_b2014-73673
_94515
035 _a(NILC)RuMoRGB-007561419
035 _a(NLR Aleph) 010555656
090 _a10357635
_c10357635
100 _a20141204d2014 um y0rusy50 ca
101 0 _arus
102 _aRU
105 _ay|||n|||000yy
200 1 _aКомментарий к Федеральному Закону от 5 февраля 2014 г. № 3-ФКЗ " О Верховом суде Российской Федерации"
_e(в ред. Федерального конституционного закона от 4 июня 2014 г. № 8-ФКЗ)
_e(постатейный)
_fА. Н. Борисов
210 _aМосква
_cЮстицинформ
_d2014
215 _a191 с.
_d21 см
225 1 _aКомментарий специалиста
320 _aБиблиогр.: с. 180-189, в подстроч. примеч. и в тексте
320 _aДр. работы авт. на 4-й с. обл.
517 1 _aО Верховом суде Российской Федерации"
_eфедеральный закон от 5 февраля 2014 г. № 3-ФКЗ
601 0 1 _aРоссийская Федерация
_bВерховный Суд
_jЗаконодательные материалы
_jКомментарии
_92086413
_3RU\NLR\AUTH\661262547
686 1 _aХ629.016-39(2Р)
700 1 _8rus
_7ca
_aБорисов
_bА. Н.
_cюрист
_f1972-
_gАлександр Николаевич
_3RU\NLR\AUTH\7724478
_97529
742 1 _aРоссийская Федерация
_tЗаконы
_3RU\NLR\AUTH\883331
_9277893
801 0 _aRU
_bРГБ
_c20141002
_gRCR
801 1 _aRU
_bРГБ
_c20141002
_2rusmarc
942 _cBOOK
980 _aNBR